[Event "LSS CP-2007-P-00008"]
[Site "LSS email"]
[Date "2007.10.01"]
[Round "?"]
[White "Balabaev, Farit Gasisovich"]
[Black "Pedro, Fernando"]
[Result "1-0"]
[WhiteElo "2386"]
[BlackElo "2093"]
[PlyCount "89"]
[EventDate "2007.10.01"]
[EventType "tourn (corr)"]
[EventRounds "6"]
[EventCountry "GER"]
[SourceTitle "Corr 2011"]
[Source "ChessBase"]
[SourceDate "2010.08.31"]
[SourceVersion "1"]
[SourceVersionDate "2010.08.31"]
[SourceQuality "1"]

1. e4 e5 2. Nf3 Nc6 3. Bb5 a6 4. Ba4 Nf6 5. 0-0 Be7 6. Re1 b5 7. Bb3 0-0 8. c3 d5 9. exd5 Nxd5 10. Nxe5 Nxe5 11. Rxe5 c6 12. d4 Bd6 13. Re1 Qh4 14. g3 Qh3 15. Be3 Bg4 16. Qd3 Rae8 17. Nd2 Qh5 18. a4 Bf5 19. Qf1 Bh3 20. Qe2 Bg4 21. Qf1 Bh3 22. Bd1 Qf5 23. Qe2 c5 24. Nf3 Bf4 25. Qd2 Nxe3 26. fxe3 Bh6 27. axb5 axb5 28. Qf2 cxd4 29. cxd4 Kh8 30. Bc2 Qc8 31. Bd3 b4 32. Ne5 f6 33. Nc4 Rd8 34. Ra5 g6 35. Rb5 Qa8 36. d5 f5 37. Bf1 Bxf1 38. Qxf1 Qa4 39. Rc5 Qc2 40. d6 Rxd6 41. Re2 Qd1 42. Nxd6 Qxd6 43. Qc1 Qd3 44. Kf2 Qa6 45. Rc7 1-0

[Event "LSS CP-2007-P-00008"]
[Site "LSS email"]
[Date "2007.10.01"]
[Round "?"]
[White "Borisovs, Leonids"]
[Black "Balabaev, Farit Gasisovich"]
[Result "1-0"]
[WhiteElo "2200"]
[BlackElo "2341"]
[PlyCount "123"]
[EventDate "2007.10.01"]
[EventType "tourn (corr)"]
[EventRounds "6"]
[EventCountry "GER"]
[SourceTitle "Corr 2015"]
[Source "ChessBase"]
[SourceDate "2015.07.17"]
[SourceVersion "1"]
[SourceVersionDate "2015.07.17"]
[SourceQuality "1"]

1. e4 c5 2. Nf3 Nc6 3. d4 cxd4 4. Nxd4 Nf6 5. Nc3 e5 6. Ndb5 d6 7. Bg5 a6 8. Na3 b5 9. Nd5 Be7 10. Bxf6 Bxf6 11. c3 Bg5 12. Nc2 Ne7 13. h4 Bh6 14. a4 bxa4 15. Ncb4 0-0 16. Qxa4 a5 17. Bb5 Nxd5 18. Nxd5 Be6 19. Bc6 Rb8 20. b4 axb4 21. cxb4 Kh8 22. b5 Bxd5 23. exd5 f5 24. Qb4 e4 25. Ra6 Qe7 26. Qd4 Qf7 27. Kf1 Qg6 28. Ra4 Bf4 29. Rb4 Qh6 30. b6 Bd2 31. Rb1 e3 32. b7 Qh5 33. Qd3 f4 34. f3 Qe5 35. Ke2 Ba5 36. Ba4 Bd8 37. Bc2 Qh5 38. Qe4 Bc7 39. Ba4 Bd8 40. Bd7 Bf6 41. Qf5 Qxf5 42. Bxf5 g6 43. Be6 Bd4 44. Rhc1 Bc5 45. Rc4 h6 46. Bc8 Kg8 47. Ra4 Rbxc8 48. bxc8Q Rxc8 49. Rb7 g5 50. h5 Rf8 51. Re4 Rf7 52. Rxf7 Kxf7 53. g3 fxg3 54. Kf1 Kf6 55. Kg2 Kf5 56. Kxg3 g4 57. Rxg4 Ke5 58. Rg7 Kxd5 59. f4 Ke4 60. Re7+ Kf5 61. Kf3 Ba3 62. Rf7+ 1-0

[Event "LSS CP-2007-P-00008"]
[Site "LSS email"]
[Date "2007.10.01"]
[Round "?"]
[White "Stuart, Keith"]
[Black "Balabaev, Farit Gasisovich"]
[Result "0-1"]
[WhiteElo "1231"]
[BlackElo "2386"]
[PlyCount "66"]
[EventDate "2007.10.01"]
[EventType "tourn (corr)"]
[EventRounds "6"]
[EventCountry "GER"]
[SourceTitle "Corr 2011"]
[Source "ChessBase"]
[SourceDate "2010.08.31"]
[SourceVersion "1"]
[SourceVersionDate "2010.08.31"]
[SourceQuality "1"]

1. e4 c5 2. Nf3 Nc6 3. d4 cxd4 4. Nxd4 Nf6 5. Nc3 e5 6. Ndb5 d6 7. Bg5 a6 8. Bxf6 gxf6 9. Na3 b5 10. Nd5 f5 11. c4 b4 12. Qa4 Bd7 13. Nb5 axb5 14. Qxa8 Qxa8 15. Nc7+ Kd8 16. Nxa8 Nd4 17. Rd1 fxe4 18. cxb5 d5 19. Nb6 Be6 20. h3 b3 21. a3 Kc7 22. Na4 Nc2+ 23. Kd2 Bh6+ 24. Ke2 d4 25. Rb1 d3+ 26. Kd1 Rd8 27. Nc5 Bd5 28. h4 Kd6 29. Na4 Be6 30. f3 Ke7 31. Nc3 e3 32. Ne4 f6 33. g4 Bf4 0-1

[Event "LSS ST-2007-0-00020"]
[Site "LSS email"]
[Date "2007.09.25"]
[Round "?"]
[White "Claridge, John Bleddyn"]
[Black "Balabaev, Farit Gasisovich"]
[Result "1/2-1/2"]
[WhiteElo "2403"]
[BlackElo "2386"]
[PlyCount "78"]
[EventDate "2007.09.19"]
[EventType "tourn (corr)"]
[EventRounds "6"]
[EventCountry "GER"]
[SourceTitle "Corr 2011"]
[Source "ChessBase"]
[SourceDate "2010.08.31"]
[SourceVersion "1"]
[SourceVersionDate "2010.08.31"]
[SourceQuality "1"]

1. e4 c5 2. Nf3 Nc6 3. Nc3 Nf6 4. e5 Ng4 5. Qe2 Qc7 6. Nb5 Qb8 7. d4 cxd4 8. Bf4 f6 9. Nbxd4 Nxd4 10. Nxd4 Nxe5 11. Bg3 e6 12. 0-0-0 a6 13. Nf3 Bd6 14. Nxe5 Bxe5 15. Qh5+ Kf8 16. Bd3 Qc7 17. Kb1 b5 18. f4 Bxf4 19. Bxf4 Qxf4 20. Rhf1 Qc7 21. g4 d5 22. g5 f5 23. g6 Qe7 24. gxh7 Qf7 25. Qh4 Qf6 26. Qb4+ Qe7 27. Qd4 Rxh7 28. Bxf5 exf5 29. Qxd5 Rb8 30. Rfe1 Qc7 31. Re3 f4 32. Rde1 Bb7 33. Qf5+ Qf7 34. Qxh7 fxe3 35. Qh8+ Qg8 36. Qh4 g5 37. Qd4 Bd5 38. Qc5+ Kg7 39. Qxe3 Qd8 1/2-1/2

[Event "LSS WC-2006-F-00004"]
[Site "LSS email"]
[Date "2007.09.12"]
[Round "?"]
[White "Blom, Erik"]
[Black "Balabaev, Farit Gasisovich"]
[Result "0-1"]
[WhiteElo "2343"]
[BlackElo "2398"]
[PlyCount "122"]
[EventDate "2007.09.12"]
[EventType "tourn (corr)"]
[EventRounds "14"]
[EventCountry "GER"]
[SourceTitle "Corr 2011"]
[Source "ChessBase"]
[SourceDate "2010.08.31"]
[SourceVersion "1"]
[SourceVersionDate "2010.08.31"]
[SourceQuality "1"]

1. e4 c5 2. Nf3 Nc6 3. d4 cxd4 4. Nxd4 Nf6 5. Nc3 e5 6. Ndb5 d6 7. Bg5 a6 8. Na3 b5 9. Bxf6 gxf6 10. Nd5 f5 11. Bd3 Be6 12. Nxb5 axb5 13. Bxb5 Bd7 14. exf5 Bg7 15. 0-0 0-0 16. a4 Kh8 17. c3 e4 18. f3 exf3 19. Qxf3 Ne5 20. Qe4 Rg8 21. Kh1 Bxb5 22. axb5 Rxa1 23. Rxa1 Qg5 24. Qe2 Ng4 25. Ne7 Rf8 26. g3 Ne5 27. Nd5 Qxf5 28. c4 Qc8 29. b3 Nf3 30. Rf1 Nd4 31. Qd3 Be5 32. b6 f5 33. b4 Qa8 34. Kg1 Qc6 35. Rf2 Ra8 36. Kg2 Ra1 37. Rf1 Ra2+ 38. Rf2 Ra8 39. Kg1 Ra4 40. Rd2 Kg7 41. Kf2 h6 42. Kf1 Qa8 43. Kf2 Kh7 44. Rb2 Ra3 45. b7 Qa6 46. b8Q Rxd3 47. Qc7+ Bg7 48. Qf7 Qa8 49. Re2 Rf3+ 50. Kg2 Rxg3+ 51. hxg3 Nxe2 52. Qxf5+ Kh8 53. Qe4 Nd4 54. b5 Nb3 55. b6 Nc5 56. Qg6 Qd8 57. Qf7 Qf8 58. Qa7 Bd4 59. Nf4 Qg7 60. Qxg7+ Bxg7 61. Ne6 Kg8 0-1

[Event "LSS WC-2006-F-00001"]
[Site "LSS email"]
[Date "2007.09.12"]
[Round "?"]
[White "De Silva, Dinesh"]
[Black "Balabaev, Farit Gasisovich"]
[Result "1/2-1/2"]
[WhiteElo "2425"]
[BlackElo "2398"]
[PlyCount "70"]
[EventDate "2007.09.12"]
[EventType "tourn (corr)"]
[EventRounds "14"]
[EventCountry "GER"]
[SourceTitle "Corr 2011"]
[Source "ChessBase"]
[SourceDate "2010.08.31"]
[SourceVersion "1"]
[SourceVersionDate "2010.08.31"]
[SourceQuality "1"]

1. e4 c5 2. Nf3 Nc6 3. d4 cxd4 4. Nxd4 Nf6 5. Nc3 e5 6. Ndb5 d6 7. Bg5 a6 8. Na3 b5 9. Nd5 Be7 10. Bxf6 Bxf6 11. c3 Bg5 12. Nc2 Ne7 13. h4 Bh6 14. a4 bxa4 15. Ncb4 0-0 16. Qxa4 a5 17. Bb5 Nxd5 18. Nxd5 Be6 19. Bc6 Rb8 20. b4 axb4 21. cxb4 Bxd5 22. Bxd5 Kh8 23. b5 Qb6 24. 0-0 f5 25. Bc6 fxe4 26. Qxe4 Bd2 27. Ra6 Qd8 28. g3 Bc3 29. Kg2 Bd4 30. f4 Qe7 31. Rf3 g6 32. fxe5 dxe5 33. Rxf8+ Rxf8 34. Ra8 Rxa8 35. Bxa8 Kg7 1/2-1/2